[Event "Landesklasse Ost 2016/2017"]
[Site "?"]
[Date "2017.01.29"]
[Round "5"]
[White "Hoffmann, Tim"]
[Black "Seidens, Gunter"]
[Result "1-0"]
[WhiteElo "2060"]
[BlackElo "1908"]
[PlyCount "83"]
[EventDate "2017.??.??"]
[WhiteTeam "ESV Gera"]
[BlackTeam "VfL 1990 Gera"]

1. e4 g6 2. Nc3 Bg7 3. f4 c6 4. d4 d5 5. e5 f5 6. Nf3 e6 7. b4 a5 8. b5 Nd7 9.
Ba3 Bf8 10. Bxf8 Nxf8 11. Na4 Nd7 12. c4 Nh6 13. c5 O-O 14. Rb1 Kh8 15. Qd2 Rg8
16. Rb3 Rg7 17. Ng5 Nf8 18. Nb6 a4 19. Rh3 Ng4 20. Nxa8 Kg8 21. Nb6 h6 22. Nf3
Nh7 23. Rg3 h5 24. h4 Bd7 25. bxc6 Bxc6 26. Ng5 Nxg5 27. hxg5 Qe8 28. Be2 Bb5
29. Bxg4 fxg4 30. Ra3 Qf8 31. Nxa4 Qf5 32. Nc3 Bc4 33. Ra7 g3 34. a4 Rf7 35. a5
Qg4 36. c6 Rxf4 37. Rxb7 Ba6 38. Rb8+ Kg7 39. Rb7+ Kf8 40. Ne2 Re4 41. O-O+ Kg8
42. Qb4 1-0

[Event "Landesklasse Ost 2016/2017"]
[Site "?"]
[Date "2017.01.29"]
[Round "5"]
[White "Schönfeld, Volker"]
[Black "Puschendorf, Steffen"]
[Result "0-1"]
[WhiteElo "1901"]
[BlackElo "2031"]
[PlyCount "70"]
[EventDate "2017.??.??"]
[WhiteTeam "VfL 1990 Gera"]
[BlackTeam "ESV Gera"]

1. e4 e6 2. d4 d5 3. e5 c5 4. c3 Nc6 5. Nf3 Bd7 6. Be2 f6 7. exf6 Nxf6 8. O-O
Bd6 9. Bg5 O-O 10. Nbd2 Qc7 11. Bh4 cxd4 12. cxd4 Rae8 13. Rc1 Qb6 14. Kh1 Bf4
15. Bxf6 Rxf6 16. g3 Bh6 17. Qb3 Bxd2 18. Nxd2 Nxd4 19. Qxb6 axb6 20. Bg4 Bb5
21. Rfd1 e5 22. Kg2 Ref8 23. f3 g6 24. Rc3 h5 25. Bh3 Be2 26. Re1 Bxf3+ 27.
Nxf3 Nxf3 28. Rec1 e4 29. Rc7 Ng5 30. R1c2 e3 31. Bc8 Rf2+ 32. Kh1 Rf1+ 33. Kg2
R8f2+ 34. Rxf2 Rxf2+ 35. Kh1 Nf3 0-1

[Event "Landesklasse Ost 2016/2017"]
[Site "?"]
[Date "2017.01.29"]
[Round "5"]
[White "Gläßl, Matthias"]
[Black "Huster, Mike"]
[Result "1-0"]
[WhiteElo "2065"]
[BlackElo "1888"]
[PlyCount "69"]
[EventDate "2017.??.??"]
[WhiteTeam "ESV Gera"]
[BlackTeam "VfL 1990 Gera"]

1. e4 d5 2. exd5 Nf6 3. Bb5+ Bd7 4. Be2 Nxd5 5. d4 e6 6. Nf3 Bd6 7. O-O O-O 8.
Bg5 Qe8 9. Qc1 f6 10. Bd2 f5 11. c4 Nf6 12. c5 Be7 13. Bf4 Nd5 14. Be5 Nc6 15.
Nc3 Bf6 16. Bxf6 Rxf6 17. Bc4 Nce7 18. Bxd5 exd5 19. Re1 c6 20. Qf4 Qd8 21. Re2
Ng6 22. Qd2 Qc7 23. Ne5 f4 24. f3 Re8 25. Rae1 Rfe6 26. Nxg6 hxg6 27. Rxe6 Rxe6
28. Rxe6 Bxe6 29. Ne2 g5 30. Kf2 Qf7 31. h4 gxh4 32. Qxf4 Qe7 33. Qe5 g5 34. f4
g4 35. f5 1-0

[Event "Landesklasse Ost 2016/2017"]
[Site "?"]
[Date "2017.01.29"]
[Round "5"]
[White "Richter, Sven"]
[Black "Schmidt, Frank"]
[Result "1-0"]
[WhiteElo "1952"]
[BlackElo "1965"]
[PlyCount "73"]
[EventDate "2017.??.??"]
[WhiteTeam "VfL 1990 Gera"]
[BlackTeam "ESV Gera"]

1. e4 e6 2. d3 d5 3. Nd2 Nf6 4. Ngf3 c5 5. g3 g6 6. Bg2 Bg7 7. O-O O-O 8. Re1
Nc6 9. c3 a5 10. Qe2 b6 11. Nf1 Ba6 12. e5 Ng4 13. Bf4 Nh6 14. Qd2 Nf5 15. g4
Nh4 16. Nxh4 Qxh4 17. h3 Qd8 18. Nh2 Qd7 19. h4 Ra7 20. h5 Re8 21. Rad1 Rc7 22.
g5 Ne7 23. Ng4 gxh5 24. Nf6+ Bxf6 25. exf6 Ng6 26. Bxc7 Qxc7 27. Bxd5 Qf4 28.
Qxf4 Nxf4 29. Be4 Nh3+ 30. Kg2 Nxg5 31. f4 Nxe4 32. dxe4 h6 33. Kf3 Kh7 34. Rg1
e5 35. Rg7+ Kh8 36. f5 Rg8 37. Rdg1 1-0

[Event "Landesklasse Ost 2016/2017"]
[Site "?"]
[Date "2017.01.29"]
[Round "5"]
[White "Hilbig, Dieter"]
[Black "Kretzschmar, Bernd"]
[Result "1/2-1/2"]
[WhiteElo "1898"]
[BlackElo "1822"]
[PlyCount "74"]
[EventDate "2017.??.??"]
[WhiteTeam "ESV Gera"]
[BlackTeam "VfL 1990 Gera"]

1. e4 g6 2. Nc3 Bg7 3. f4 c5 4. Nf3 Nc6 5. Bb5 Nd4 6. O-O Nxb5 7. Nxb5 a6 8.
Nc3 e6 9. Kh1 Ne7 10. d4 cxd4 11. Nxd4 O-O 12. Nce2 d5 13. e5 Bd7 14. Be3 Rc8
15. Qd2 b5 16. Rfc1 Nf5 17. Nxf5 gxf5 18. Ng3 Qh4 19. Qe2 Kh8 20. Qh5 Qxh5 21.
Nxh5 Rc4 22. c3 Re4 23. Re1 Rc4 24. Bd4 h6 25. Rg1 Kh7 26. g4 Bh8 27. gxf5 exf5
28. Rg3 Be6 29. Rag1 Rcc8 30. Nf6+ Bxf6 31. exf6 Rg8 32. Rg7+ Rxg7 33. Rxg7+
Kh8 34. Kg2 b4 35. Kf3 a5 36. Rg2 bxc3 37. bxc3 Rb8 1/2-1/2

[Event "Landesklasse Ost 2016/2017"]
[Site "?"]
[Date "2017.01.29"]
[Round "5"]
[White "Walther, Thomas"]
[Black "Liebold, Aaron"]
[Result "1/2-1/2"]
[WhiteElo "1852"]
[BlackElo "1687"]
[PlyCount "101"]
[EventDate "2017.??.??"]
[WhiteTeam "VfL 1990 Gera"]
[BlackTeam "ESV Gera"]

1. e4 c5 2. Nf3 d6 3. d4 cxd4 4. Nxd4 Nf6 5. Nc3 Nc6 6. h3 a6 7. Be3 Qc7 8. f4
b5 9. a3 Bb7 10. Bd3 e6 11. Qd2 Be7 12. g4 Na5 13. Qe2 Nd7 14. O-O Nc5 15.
Bxb5+ axb5 16. Ndxb5 Qd7 17. b4 Nxe4 18. Nxe4 Bxe4 19. bxa5 Rxa5 20. c4 Bc6 21.
Bb6 Rxb5 22. cxb5 Bxb5 23. Qb2 Bf6 24. Bd4 Bxf1 25. Bxf6 gxf6 26. Qxf6 Rf8 27.
Rxf1 Qa7+ 28. Kg2 Kd7 29. f5 Qe3 30. fxe6+ Qxe6 31. Qf3 d5 32. Rd1 Kd6 33. Qf4+
Kd7 34. Qa4+ Ke7 35. Qb4+ Kf6 36. Qd4+ Kg6 37. Qxd5 Qxd5+ 38. Rxd5 Ra8 39. Rd3
Ra4 40. Rf3 h5 41. gxh5+ Kxh5 42. Kf2 Kg5 43. Ke2 f5 44. Kd2 f4 45. Kc2 Re4 46.
Kb3 Kh5 47. a4 Kh4 48. a5 Re3+ 49. Rxe3 fxe3 50. a6 e2 51. a7 1/2-1/2

[Event "Landesklasse Ost 2016/2017"]
[Site "?"]
[Date "2017.01.29"]
[Round "5"]
[White "Schubert, Nikita"]
[Black "Fijalkowski, Jürgen"]
[Result "1/2-1/2"]
[WhiteElo "1704"]
[BlackElo "1776"]
[PlyCount "89"]
[EventDate "2017.??.??"]
[WhiteTeam "ESV Gera"]
[BlackTeam "VfL 1990 Gera"]

1. d4 Nf6 2. c4 d6 3. Nf3 g6 4. g3 Bg7 5. Bg2 O-O 6. O-O Nc6 7. Nc3 Nd7 8. e4
e5 9. d5 Ne7 10. Ne1 f5 11. Nd3 Nf6 12. Bg5 Nxe4 13. Bxe7 Qxe7 14. Nxe4 fxe4
15. Bxe4 Bf5 16. Qe2 Rae8 17. Rfe1 Qf7 18. Kg2 Qd7 19. b3 Bxe4+ 20. Qxe4 Qf5
21. Re2 Rf7 22. Rae1 Ref8 23. f4 exf4 24. Qxf5 Rxf5 25. Nxf4 Bc3 26. Rc1 Be5
27. Ne6 R8f7 28. Rcc2 h6 29. Rf2 Rxf2+ 30. Rxf2 Rxf2+ 31. Kxf2 c6 32. Nd8 cxd5
33. cxd5 Bd4+ 34. Kf3 b5 35. Nc6 Bb6 36. g4 Kf7 37. h4 Kf6 38. Kf4 Bf2 39. h5
gxh5 40. gxh5 Bb6 41. Kg4 Bc5 42. Kf4 Bb6 43. Nb8 Bg1 44. Nd7+ Ke7 45. Nb8
1/2-1/2

[Event "Landesklasse Ost 2016/2017"]
[Site "?"]
[Date "2017.01.29"]
[Round "5"]
[White "Welde, Kevin"]
[Black "Steinmüller, Johannes"]
[Result "1/2-1/2"]
[WhiteElo "1888"]
[BlackElo "1752"]
[PlyCount "28"]
[EventDate "2017.??.??"]
[WhiteTeam "VfL 1990 Gera"]
[BlackTeam "ESV Gera"]

1. Nf3 Nf6 2. d4 g6 3. g3 Bg7 4. Bg2 O-O 5. O-O d5 6. Nbd2 c6 7. Re1 Bf5 8. c4
Qb6 9. Qa4 Ne4 10. Nb3 dxc4 11. Qxc4 Be6 12. Qc2 Bf5 13. Qc4 Be6 14. Qc2 Bf5
1/2-1/2

[Event "Landesklasse West 2016/2017"]
[Site "?"]
[Date "2017.01.29"]
[Round "5"]
[White "Krannich, Steffen"]
[Black "Scheftlein, Richard"]
[Result "0-1"]
[WhiteElo "1858"]
[BlackElo "2136"]
[PlyCount "76"]
[EventDate "2017.??.??"]
[WhiteTeam "SV Schmalkalden 04"]
[BlackTeam "ESV Lok Meiningen"]

1. d4 Nf6 2. Nf3 e6 3. g3 b5 4. Bg2 d5 5. a4 b4 6. c4 bxc3 7. Nxc3 Ba6 8. Bg5
Be7 9. Ne5 Nfd7 10. Bxe7 Qxe7 11. O-O O-O 12. Nd3 Nc6 13. e3 Nb4 14. Nxb4 Qxb4
15. Re1 Qxb2 16. Qc1 Qxc1 17. Rexc1 c6 18. a5 Rfc8 19. Na4 Bb5 20. Bf1 a6 21.
Nc5 Nxc5 22. Rxc5 Kf8 23. Rac1 Ke7 24. Bxb5 axb5 25. Rxc6 Rxc6 26. Rxc6 Rxa5
27. Rc7+ Kd6 28. Rc5 Ra1+ 29. Kg2 Rb1 30. Kf3 e5 31. h4 e4+ 32. Ke2 h5 33. Kd2
Rb2+ 34. Kc3 Rxf2 35. Rxb5 Re2 36. Rb6+ Kc7 37. Rb5 Rxe3+ 38. Kc2 Kc6 0-1

[Event "Landesklasse West 2016/2017"]
[Site "?"]
[Date "2017.01.29"]
[Round "5"]
[White "Hocke, Sebastian"]
[Black "Bamberg, Alexander"]
[Result "1-0"]
[WhiteElo "2035"]
[BlackElo "1870"]
[PlyCount "81"]
[EventDate "2017.??.??"]
[WhiteTeam "ESV Lok Meiningen"]
[BlackTeam "SV Schmalkalden 04"]

1. e4 c5 2. Nf3 d6 3. d4 cxd4 4. Nxd4 Nf6 5. Nc3 g6 6. Be3 Bg7 7. f3 O-O 8. Qd2
Nc6 9. O-O-O d5 10. Kb1 Nxd4 11. e5 Nxf3 12. gxf3 Nh5 13. Nxd5 Bf5 14. Qb4 Kh8
15. Be2 Qc8 16. Rd2 Bxe5 17. Nxe7 Qe6 18. Bc4 Qf6 19. Nxf5 Qxf5 20. Bd5 a5 21.
Qa3 Nf6 22. Bxb7 Rab8 23. Ba7 Kg7 24. Bxb8 Rxb8 25. Qb3 Nd7 26. Qb5 Nc5 27.
Qxc5 Rxb7 28. b3 a4 29. Re1 f6 30. Rd8 Kh6 31. b4 Qxf3 32. b5 Qf5 33. Rd3 Rc7
34. Qf8+ Kh5 35. Qb4 g5 36. Qxa4 Qf2 37. Rh3+ Kg6 38. Qe4+ f5 39. Qe2 Qd4 40.
Qxe5 Qb4+ 41. Rb3 1-0

[Event "Landesklasse West 2016/2017"]
[Site "?"]
[Date "2017.01.29"]
[Round "5"]
[White "Jörges, Frank"]
[Black "Burkhardt, Christian"]
[Result "1-0"]
[WhiteElo "1778"]
[BlackElo "1721"]
[PlyCount "91"]
[EventDate "2017.??.??"]
[WhiteTeam "ESV Lok Meiningen"]
[BlackTeam "SV Schmalkalden 04"]

1. d4 Nf6 2. Nf3 e6 3. Bf4 c5 4. e3 d5 5. c3 Nc6 6. Bd3 h6 7. Nbd2 Nh5 8. Be5
Nf6 9. Bg3 Nh5 10. Be5 Nf6 11. Qe2 Nxe5 12. Nxe5 Bd6 13. f4 Bd7 14. O-O c4 15.
Bc2 Qc7 16. e4 dxe4 17. Ndxc4 Be7 18. Nxd7 Qxd7 19. Ne5 Qc7 20. Ba4+ Kf8 21.
Bc2 g6 22. Bxe4 Nxe4 23. Qxe4 Kg7 24. Rae1 Bd6 25. Re3 h5 26. Rg3 Bxe5 27. fxe5
Qe7 28. Rgf3 Raf8 29. Kh1 Rh6 30. d5 exd5 31. Qxd5 Rhh8 32. Qd6 Qe6 33. Qxe6
fxe6 34. Rxf8 Rxf8 35. Rxf8 Kxf8 36. Kg1 g5 37. Kf2 Kg7 38. Ke3 Kg6 39. Ke4 h4
40. c4 Kh5 41. h3 g4 42. Kf4 g3 43. c5 a5 44. a4 Kh6 45. Kg4 Kg6 46. b3 1-0

[Event "Landesklasse West 2016/2017"]
[Site "?"]
[Date "2017.01.29"]
[Round "5"]
[White "Himmel, Matthias"]
[Black "Grube, Jan"]
[Result "1-0"]
[WhiteElo "1618"]
[BlackElo "1766"]
[PlyCount "85"]
[EventDate "2017.??.??"]
[WhiteTeam "SV Schmalkalden 04"]
[BlackTeam "ESV Lok Meiningen"]

1. d4 d5 2. e3 Nf6 3. Bd3 Bg4 4. f3 Bh5 5. Ne2 e6 6. O-O Bg6 7. c4 Be7 8. Nbc3
Nc6 9. a3 O-O 10. Bb1 a6 11. b3 Qd7 12. Bxg6 fxg6 13. e4 h6 14. e5 Nh7 15. cxd5
exd5 16. Qd3 g5 17. Ng3 Na5 18. Nh5 Nxb3 19. Qg6 Rf7 20. e6 Qxe6 21. Qxe6 Nxa1
22. Nxd5 Bd6 23. Nb4 a5 24. Nd3 a4 25. f4 Ra6 26. Qc8+ Bf8 27. fxg5 Rxf1+ 28.
Kxf1 hxg5 29. Qxb7 Rd6 30. Bb2 Nc2 31. Qxc7 Nxd4 32. Ne5 Nf6 33. Qf7+ Kh7 34.
Qxf8 Nf5 35. g4 Nxh5 36. Qxf5+ Kg8 37. Qf7+ Kh7 38. Qxh5+ Rh6 39. Qxg5 Rxh2 40.
Nd3 g6 41. Qe5 Kh6 42. Qxh2+ Kg5 43. Qf4+ 1-0

[Event "Landesklasse West 2016/2017"]
[Site "?"]
[Date "2017.01.29"]
[Round "5"]
[White "Holland-Cunz, Dietrich"]
[Black "Röder, Detlef"]
[Result "1-0"]
[WhiteElo "1804"]
[BlackElo "1611"]
[PlyCount "39"]
[EventDate "2017.??.??"]
[WhiteTeam "ESV Lok Meiningen"]
[BlackTeam "SV Schmalkalden 04"]

1. d4 f5 2. c4 Nf6 3. Nc3 g6 4. Nf3 Bg7 5. g3 O-O 6. Bg2 d6 7. O-O Qe8 8. Nb5
Na6 9. d5 e5 10. dxe6 Qxe6 11. b3 c6 12. Nbd4 Qe7 13. Bf4 Nc7 14. Nxc6 bxc6 15.
Bxd6 Qd7 16. Ne5 Qe6 17. Bxc7 Ne4 18. f4 Bxe5 19. Bxe5 Qe7 20. Bxe4 1-0

[Event "Landesklasse West 2016/2017"]
[Site "?"]
[Date "2017.01.29"]
[Round "5"]
[White "Pastowski, Werner"]
[Black "Latka, Vera"]
[Result "1/2-1/2"]
[WhiteElo "1440"]
[BlackElo "1698"]
[PlyCount "26"]
[EventDate "2017.??.??"]
[WhiteTeam "SV Schmalkalden 04"]
[BlackTeam "ESV Lok Meiningen"]

1. d4 Nf6 2. Nf3 e6 3. Bg5 Be7 4. e3 d5 5. Be2 Nbd7 6. O-O h6 7. Bxf6 Nxf6 8.
Nbd2 O-O 9. c4 dxc4 10. Nxc4 b6 11. Rc1 Bb7 12. Nfe5 c5 13. Bf3 Bxf3 1/2-1/2

[Event "Landesklasse West 2016/2017"]
[Site "?"]
[Date "2017.01.29"]
[Round "5"]
[White "Bleck, Philipp"]
[Black "Schmidt, Mark Andre"]
[Result "1/2-1/2"]
[WhiteElo "1701"]
[BlackElo "1388"]
[PlyCount "51"]
[EventDate "2017.??.??"]
[WhiteTeam "ESV Lok Meiningen"]
[BlackTeam "SV Schmalkalden 04"]

1. d4 d5 2. Nf3 c5 3. c3 Nc6 4. Bf4 Bf5 5. e3 e6 6. Nbd2 cxd4 7. cxd4 Bd6 8.
Bg3 a6 9. Bxd6 Qxd6 10. Nh4 Nge7 11. Nxf5 Nxf5 12. Bd3 Nfe7 13. O-O O-O 14. Qc2
g6 15. Rac1 Rac8 16. a3 Rc7 17. b4 Rfc8 18. Qb2 b5 19. Nb3 Nb8 20. Nc5 Rc6 21.
Rfe1 Nd7 22. e4 Nxc5 23. bxc5 Qd7 24. exd5 Nxd5 25. Be4 R6c7 26. Re2 1/2-1/2

[Event "Landesklasse West 2016/2017"]
[Site "?"]
[Date "2017.01.29"]
[Round "5"]
[White "Buring, Matthias"]
[Black "Essegern, Kurt"]
[Result "1-0"]
[WhiteElo "2097"]
[BlackElo "1961"]
[PlyCount "57"]
[EventDate "2017.??.??"]
[WhiteTeam "SG Arnstadt-Stadtilm"]
[BlackTeam "Randspringer Bad Salzungen"]

1. d4 Nf6 2. Bf4 b6 3. Nf3 Bb7 4. Nbd2 e6 5. e3 c5 6. Bd3 Nc6 7. c3 d5 8. Ne5
Nxe5 9. dxe5 Nd7 10. Nf3 Be7 11. h4 Qc7 12. Qe2 c4 13. Bc2 Nc5 14. O-O a5 15.
Nd4 h5 16. Bg3 Ne4 17. Ba4+ Kf8 18. Qf3 Kg8 19. Rad1 Qd8 20. Bc2 Qe8 21. Qe2
Rc8 22. Qe1 Rh6 23. Bf4 g5 24. hxg5 Nxg5 25. Bxg5 Bxg5 26. f4 Be7 27. f5 Bc5
28. Qg3+ Kh8 29. Qg5 1-0

[Event "Landesklasse West 2016/2017"]
[Site "?"]
[Date "2017.01.29"]
[Round "5"]
[White "Hübschmann, Holger"]
[Black "Sauer, Marko"]
[Result "1/2-1/2"]
[WhiteElo "1875"]
[BlackElo "2042"]
[PlyCount "51"]
[EventDate "2017.??.??"]
[WhiteTeam "Randspringer Bad Salzungen"]
[BlackTeam "SG Arnstadt-Stadtilm"]

1. Nf3 Nf6 2. c4 e6 3. g3 d5 4. cxd5 exd5 5. Bg2 Bd6 6. O-O O-O 7. Nc3 c6 8. d4
Re8 9. Bg5 Nbd7 10. e4 dxe4 11. Nd2 Qa5 12. Bxf6 Nxf6 13. Ndxe4 Nxe4 14. Nxe4
Be7 15. a3 Be6 16. b4 Qc7 17. Qh5 Rad8 18. Rfd1 Bd5 19. Re1 g6 20. Qe5 Qxe5 21.
dxe5 Kg7 22. Rab1 Be6 23. Red1 Ba2 24. Rbc1 Bb3 25. Re1 Rd4 26. Nc5 1/2-1/2

[Event "Landesklasse West 2016/2017"]
[Site "?"]
[Date "2017.01.29"]
[Round "5"]
[White "Schulz, Tilo"]
[Black "Scheller, Thomas"]
[Result "1-0"]
[WhiteElo "1868"]
[BlackElo "1664"]
[PlyCount "83"]
[EventDate "2017.??.??"]
[WhiteTeam "Randspringer Bad Salzungen"]
[BlackTeam "SG Arnstadt-Stadtilm"]

1. e4 e6 2. d4 d5 3. Nd2 Nf6 4. e5 Nfd7 5. Bd3 c5 6. c3 Nc6 7. Ne2 Qb6 8. Nf3
cxd4 9. cxd4 Be7 10. O-O O-O 11. a3 f6 12. Qc2 f5 13. b4 a6 14. Be3 Na7 15.
Rfb1 Qd8 16. g4 g6 17. g5 b5 18. h4 Nb6 19. Nf4 Nc4 20. Nd2 Qe8 21. Nb3 Nc6 22.
Nc5 Bxc5 23. bxc5 Bd7 24. Kg2 Nxe3+ 25. fxe3 Na5 26. Rh1 Nc4 27. Kf3 Kg7 28. h5
Rh8 29. Rh2 Qe7 30. Qg2 Rag8 31. Rah1 Bc6 32. Ke2 Qe8 33. hxg6 hxg6 34. Rh6 Kf7
35. R1h4 Bd7 36. Qh2 Rxh6 37. Rxh6 Ke7 38. Rh7+ Kd8 39. Qh6 Nxa3 40. Rg7 Nc4
41. Qh7 a5 42. Rxg8 1-0

[Event "Landesklasse West 2016/2017"]
[Site "?"]
[Date "2017.01.29"]
[Round "5"]
[White "Jank, Kevin"]
[Black "Feldmann, Bernd"]
[Result "1-0"]
[WhiteElo "1706"]
[BlackElo "1816"]
[PlyCount "69"]
[EventDate "2017.??.??"]
[WhiteTeam "SG Arnstadt-Stadtilm"]
[BlackTeam "Randspringer Bad Salzungen"]

1. e4 e6 2. Nf3 d5 3. e5 c5 4. b4 c4 5. a3 Bd7 6. d3 cxd3 7. Bxd3 Qc7 8. O-O
Nc6 9. Re1 Nge7 10. h4 Ng6 11. Qe2 Be7 12. h5 Nf8 13. Bb2 g6 14. Nc3 Rg8 15.
Nb5 Qb8 16. h6 a6 17. Nbd4 Qd8 18. c4 Nxd4 19. Bxd4 Bc6 20. Red1 Qc7 21. Rac1
Rd8 22. cxd5 exd5 23. Qe3 Qd7 24. Bb6 Rc8 25. Nd4 Ne6 26. f4 Nxd4 27. Bxd4 Qe6
28. Qf3 Bd7 29. Rxc8+ Bxc8 30. Rf1 b5 31. Qe2 Bf8 32. f5 Qc6 33. e6 g5 34. Qh5
Qc7 35. Re1 1-0

[Event "Landesklasse West 2016/2017"]
[Site "?"]
[Date "2017.01.29"]
[Round "5"]
[White "Roth, Ralf"]
[Black "Schumacher, Andreas"]
[Result "1/2-1/2"]
[WhiteElo "1834"]
[BlackElo "1706"]
[PlyCount "119"]
[EventDate "2017.??.??"]
[WhiteTeam "Randspringer Bad Salzungen"]
[BlackTeam "SG Arnstadt-Stadtilm"]

1. d4 Nf6 2. c4 g6 3. Nc3 Bg7 4. e4 d6 5. f3 O-O 6. Be3 e5 7. Nge2 Nc6 8. d5
Ne7 9. Qd2 Ne8 10. Nc1 f5 11. Bd3 f4 12. Bf2 g5 13. b4 h5 14. Nb3 g4 15. O-O-O
Ng6 16. Kb2 Nh4 17. fxg4 hxg4 18. Bf1 Qf6 19. Qe1 Ng6 20. Rc1 Bh6 21. Rc2 Bg5
22. c5 Bd7 23. Bc4 Kg7 24. Na5 Bc8 25. c6 b6 26. Nb3 Qd8 27. Be2 Nf6 28. h4 Bh6
29. h5 Nh8 30. Bh4 Nf7 31. Qd1 Ng5 32. Nd2 Rh8 33. Nf1 a6 34. Nh2 g3 35. Nf3
Nxf3 36. Bxf3 Qf8 37. Bxf6+ Qxf6 38. Bg4 Qg5 39. Bxc8 Rhxc8 40. Qf3 Kf6 41. a4
Rg8 42. Ne2 Qg4 43. Ng1 Qxf3 44. Nxf3 Bg5 45. Rh3 Rh8 46. Rc1 Rh7 47. Kc2 Rah8
48. Rch1 Rh6 49. Kd3 R6h7 50. Ke2 Rh6 51. Ne1 Kf7 52. Kf3 Bd8 53. Ke2 Rg8 54.
Kf3 Be7 55. Nd3 Bg5 56. Nc1 Bf6 57. Ne2 Bg5 58. Ra1 Rgh8 59. Rah1 Rg8 60. Ng1
1/2-1/2

[Event "Landesklasse West 2016/2017"]
[Site "?"]
[Date "2017.01.29"]
[Round "5"]
[White "Wiefel, Erik"]
[Black "Marufke, Kai"]
[Result "1/2-1/2"]
[WhiteElo "1695"]
[BlackElo "1766"]
[PlyCount "64"]
[EventDate "2017.??.??"]
[WhiteTeam "Randspringer Bad Salzungen"]
[BlackTeam "SG Arnstadt-Stadtilm"]

1. e4 e5 2. Nf3 d6 3. d4 exd4 4. Qxd4 Bd7 5. Bg5 f6 6. Be3 Nc6 7. Qd2 Nge7 8.
Nc3 Ng6 9. O-O-O Nge5 10. Nxe5 fxe5 11. Bc4 Be7 12. Qd5 Rf8 13. a3 a6 14. b4
Bg5 15. Rhf1 Nd4 16. Rxd4 c6 17. Qxd6 Bxe3+ 18. fxe3 Rxf1+ 19. Bxf1 exd4 20.
exd4 Qe7 21. Qxe7+ Kxe7 22. Kd2 Rf8 23. Ke1 Be6 24. Na4 Kd6 25. Nc5 Bc8 26. Be2
Re8 27. Bf3 b6 28. Na4 Bf5 29. e5+ Kc7 30. Kd2 Be6 31. Nc3 Rd8 32. Ke3 Bf5
1/2-1/2

[Event "Landesklasse West 2016/2017"]
[Site "?"]
[Date "2017.01.29"]
[Round "5"]
[White "Schlick, Stefan"]
[Black "Minor, Viatcheslav"]
[Result "1/2-1/2"]
[WhiteElo "1911"]
[BlackElo "1877"]
[PlyCount "41"]
[EventDate "2017.??.??"]
[WhiteTeam "Schachclub 1998 Gotha"]
[BlackTeam "SV Wartburgstadt Eisenach"]

1. d4 Nf6 2. c4 e5 3. dxe5 Ng4 4. Bf4 Nc6 5. Nf3 Bb4+ 6. Nbd2 Qe7 7. e3 Ngxe5
8. Nxe5 Nxe5 9. Be2 O-O 10. O-O Bxd2 11. Qxd2 d6 12. b4 b6 13. c5 dxc5 14. Qd5
Bg4 15. f3 Ng6 16. fxg4 Nxf4 17. Rxf4 Qxe3+ 18. Rf2 cxb4 19. Qb3 Qc5 20. Qb2
Rad8 21. Raf1 1/2-1/2

[Event "Landesklasse West 2016/2017"]
[Site "?"]
[Date "2017.01.29"]
[Round "5"]
[White "Neef, Michael"]
[Black "Reucker, Friedrich"]
[Result "1/2-1/2"]
[WhiteElo "1863"]
[BlackElo "1784"]
[PlyCount "33"]
[EventDate "2017.??.??"]
[WhiteTeam "SV Wartburgstadt Eisenach"]
[BlackTeam "Schachclub 1998 Gotha"]

1. d4 Nf6 2. c4 e5 3. e3 exd4 4. exd4 Bb4+ 5. Bd2 Bxd2+ 6. Qxd2 O-O 7. Nc3 Re8+
8. Be2 d5 9. b3 Bg4 10. f3 Be6 11. Kf2 Bf5 12. Bd3 Bxd3 13. Qxd3 Nc6 14. Nge2
Qd7 15. Rad1 Rad8 16. Rhe1 dxc4 17. Qxc4 1/2-1/2

[Event "Landesklasse West 2016/2017"]
[Site "?"]
[Date "2017.01.29"]
[Round "5"]
[White "Manger, Hans-Gerald"]
[Black "Königsdörfer, Gerhard"]
[Result "1/2-1/2"]
[WhiteElo "1838"]
[BlackElo "1912"]
[PlyCount "33"]
[EventDate "2017.??.??"]
[WhiteTeam "Schachclub 1998 Gotha"]
[BlackTeam "SV Wartburgstadt Eisenach"]

1. d4 d5 2. Nf3 Nf6 3. Bg5 e6 4. c4 Bb4+ 5. Nc3 h6 6. Bxf6 Qxf6 7. e3 O-O 8. a3
Bxc3+ 9. bxc3 c5 10. Be2 Nc6 11. O-O Rd8 12. Rb1 dxc4 13. Bxc4 Na5 14. Bd3 b6
15. Be4 Bb7 16. Bxb7 Nxb7 17. Qe2 1/2-1/2

[Event "Landesklasse West 2016/2017"]
[Site "?"]
[Date "2017.01.29"]
[Round "5"]
[White "Graupner, Markus"]
[Black "Kuznecovs, Nikita"]
[Result "0-1"]
[WhiteElo "1707"]
[BlackElo "2015"]
[PlyCount "112"]
[EventDate "2017.??.??"]
[WhiteTeam "SV Wartburgstadt Eisenach"]
[BlackTeam "Schachclub 1998 Gotha"]

1. Nf3 f5 2. d4 Nf6 3. c4 g6 4. d5 Bg7 5. e3 O-O 6. Be2 Qe8 7. O-O e5 8. dxe6
dxe6 9. Nc3 Qe7 10. Qc2 c6 11. a4 a5 12. b3 Na6 13. Ba3 Nb4 14. Bxb4 axb4 15.
Na2 Ne4 16. Rad1 e5 17. Nd2 Nc5 18. Nxb4 e4 19. Na2 g5 20. b4 Nxa4 21. c5 Nb2
22. Ra1 Nd3 23. Nc3 Be6 24. Bxd3 exd3 25. Qxd3 Rad8 26. Qc2 Qd7 27. Rad1 Qd3
28. Qxd3 Rxd3 29. Ncb1 Rfd8 30. Rc1 Rxd2 31. Nxd2 Rxd2 32. Rfd1 Rb2 33. Rb1
Rxb1 34. Rxb1 Kf7 35. f3 Bc3 36. b5 cxb5 37. Rxb5 Bd5 38. Kf2 Ke6 39. Rb6+ Bc6
40. e4 Bd4+ 41. Kg3 fxe4 42. fxe4 h5 43. h4 Bxc5 44. Rb3 Bd6+ 45. Kf3 g4+ 46.
Ke3 Ke5 47. Rc3 Bxe4 48. Rc8 Bxg2 49. Rh8 Bc5+ 50. Kd3 Be4+ 51. Kc4 Be3 52.
Rxh5+ Kf4 53. Rh8 g3 54. Rf8+ Kg4 55. Re8 Kf3 56. h5 g2 0-1

[Event "Landesklasse West 2016/2017"]
[Site "?"]
[Date "2017.01.29"]
[Round "5"]
[White "Bauer, Wilfried"]
[Black "Anschütz, Bernd"]
[Result "1/2-1/2"]
[WhiteElo "1645"]
[BlackElo "1758"]
[PlyCount "68"]
[EventDate "2017.??.??"]
[WhiteTeam "Schachclub 1998 Gotha"]
[BlackTeam "SV Wartburgstadt Eisenach"]

1. f4 d5 2. Nf3 Nf6 3. e3 e6 4. b3 Be7 5. Bb2 c5 6. Bb5+ Bd7 7. Bxd7+ Nbxd7 8.
O-O O-O 9. Qe2 Qc7 10. Ne5 Rac8 11. d3 Nxe5 12. Bxe5 Qc6 13. Nd2 Nd7 14. Bb2
Bf6 15. Bxf6 Nxf6 16. Nf3 Nd7 17. c4 f6 18. e4 dxe4 19. dxe4 e5 20. Rad1 exf4
21. Qd2 Ne5 22. Qxf4 Nxf3+ 23. Rxf3 Rfe8 24. Rd5 Qe6 25. Re3 Re7 26. e5 fxe5
27. Rexe5 Rf7 28. Qe4 Qf6 29. h3 b6 30. Qe2 Rcf8 31. Rd2 Qf1+ 32. Qxf1 Rxf1+
33. Kh2 R1f2 34. Rd7 R2f7 1/2-1/2

[Event "Landesklasse West 2016/2017"]
[Site "?"]
[Date "2017.01.29"]
[Round "5"]
[White "Ulbricht, Olaf"]
[Black "Rätsch, Heinz"]
[Result "0-1"]
[WhiteElo "1541"]
[BlackElo "2000"]
[PlyCount "67"]
[EventDate "2017.??.??"]
[WhiteTeam "SV Wartburgstadt Eisenach"]
[BlackTeam "Schachclub 1998 Gotha"]

1. e4 d5 2. exd5 Qxd5 3. Nc3 Qa5 4. b3 Nf6 5. Bb2 Nc6 6. Nf3 Bg4 7. h3 Bh5 8.
Be2 O-O-O 9. O-O e5 10. Nh2 Bxe2 11. Qxe2 Nd4 12. Qd1 Bd6 13. d3 h5 14. Nf3 c5
15. Ng5 Qc7 16. Nge4 Be7 17. a4 a6 18. Re1 Ne8 19. Ne2 Nc6 20. Nd2 f5 21. Nc3
Bf6 22. Ncb1 g5 23. Qf3 Ng7 24. Qe3 Nd4 25. Na3 Rhe8 26. Ndc4 e4 27. Qd2 f4 28.
Bxd4 Bxd4 29. Qd1 e3 30. fxe3 fxe3 31. Qe2 Rf8 32. Nxe3 Rde8 33. Nac4 Nf5 34.
Kh1 0-1